000
00303nam a2200133Ia 4500
008
230917s9999||||xx |||||||||||||| ||und||
040
_e
146445
_a
MAIN
041
_a
English
082
_a
301.451 H876H
100
_a
Hukam Singh
245
0
_a
History of the Jats; V1
300
_a
182p. p.
942
_c
BK
999
_c
46463
_d
46463